Sombreros, gorras y cachuchas / (Record no. 21600)

MARC details
000 -LEADER
fixed length control field 01332pam0a2200337 a 4500
001 - CONTROL NUMBER
control field z9mscp b2040762
003 - CONTROL NUMBER IDENTIFIER
control field KToSCC
005 - DATE AND TIME OF LATEST TRANSACTION
control field 20181118175719.0
008 - FIXED-LENGTH DATA ELEMENTS--GENERAL INFORMATION
fixed length control field 960325s1991 nyua j 000 0 spa d
020 ## - INTERNATIONAL STANDARD BOOK NUMBER
International Standard Book Number 0590452487
Qualifying information paperback
035 ## - SYSTEM CONTROL NUMBER
System control number 65743
040 ## - CATALOGING SOURCE
Original cataloging agency KToSCC
Language of cataloging eng
Transcribing agency KToSCC
041 ## - LANGUAGE CODE
Language code of text/sound track or separate title spa
082 14 - DEWEY DECIMAL CLASSIFICATION NUMBER
Classification number 391
Edition number 13
100 1# - MAIN ENTRY--PERSONAL NAME
Personal name Morris, Ann.
Authority record control number http://id.loc.gov/authorities/names/n86128935.
245 10 - TITLE STATEMENT
Title Sombreros, gorras y cachuchas /
Statement of responsibility, etc. [por] Ann Morris ; fotos. de Ken Heyman ; tr. Gerard R. Koch.
260 ## - PUBLICATION, DISTRIBUTION, ETC. (IMPRINT)
Place of publication, distribution, etc. New York :
Name of publisher, distributor, etc. Scholastic,
Date of publication, distribution, etc. 1991.
264 #1 - PRODUCTION, PUBLICATION, DISTRIBUTION, MANUFACTURE, AND COPYRIGHT NOTICE
Place of production, publication, distribution, manufacture New York :
Name of producer, publisher, distributor, manufacturer Scholastic,
Date of production, publication, distribution, manufacture, or copyright notice 1991.
300 ## - PHYSICAL DESCRIPTION
Extent 29 pages :
Other physical details color illustrations ;
Dimensions 21 x 24 cm.
336 ## - CONTENT TYPE
Content type term text
Content type code txt
Source rdacontent.
337 ## - MEDIA TYPE
Media type term unmediated
Media type code n
Source rdamedia.
338 ## - CARRIER TYPE
Carrier type term volume
Carrier type code nc
Source rdacarrier.
500 ## - GENERAL NOTE
General note English title: Hats, hats, hats.
520 ## - SUMMARY, ETC.
Summary, etc. Introduces a variety of hats, from soft and hard hats to snuggly and hooded hats.
650 #0 - SUBJECT ADDED ENTRY--TOPICAL TERM
Topical term or geographic name as entry element Hats.
Authority record control number http://id.loc.gov/authorities/subjects/sh85059282.
650 #0 - SUBJECT ADDED ENTRY--TOPICAL TERM
Topical term or geographic name as entry element Spanish language
Form subdivision Readers.
655 #7 - INDEX TERM--GENRE/FORM
Genre/form data or focus term Readers (Publications)
Source of term lcgft
Authority record control number http://id.loc.gov/authorities/genreForms/gf2014026160.
700 1# - ADDED ENTRY--PERSONAL NAME
Personal name Heyman, Ken.
Authority record control number http://id.loc.gov/authorities/names/n50034005.
700 1# - ADDED ENTRY--PERSONAL NAME
Personal name Koch, Gerard R.
Authority record control number http://id.loc.gov/authorities/names/nr97025868.
942 ## - ADDED ENTRY ELEMENTS (KOHA)
Koha item type Libro/Book
Holdings
Withdrawn status Lost status Source of classification or shelving scheme Damaged status Not for loan Home library Current library Date acquired Total Checkouts Full call number Barcode Date last seen Price effective from Koha item type Inventory number
          Barbudos -- Satellite Barbudos -- Satellite 14/05/2019   391 35800955 16/02/2022 14/05/2019 Libro/Book Inventory date: 7/7/25
    Dewey Decimal Classification     Genizero -- Satellite Genizero -- Satellite 14/05/2019   391 35600933 14/05/2019 14/05/2019 Libro/Book  

Powered by Koha